[Event "84th ch-BRA 2018"]
[Site "Rio de Janeiro BRA"]
[Date "2018.02.06"]
[Round "1.1"]
[White "Mecking,H"]
[Black "Nery Junior,J"]
[Result "1/2-1/2"]
[WhiteElo "2597"]
[BlackElo "2151"]

1.d4 Nf6 2.c4 c5 3.d5 e6 4.Nc3 exd5 5.cxd5 d6 6.Nf3 g6 7.Nd2 Na6 8.e4 Nc7
9.Be2 Bg7 10.O-O O-O 11.a4 Re8 12.f3 b6 13.Nc4 Ba6 14.Bg5 Bxc4 15.Bxc4 a6
16.Qd3 Qc8 17.Bf4 Bf8 18.Bd2 Rb8 19.Rfe1 Qb7 20.Qc2 b5 21.axb5 axb5 22.Bf1 b4
23.Nd1 Nd7 24.Ne3 Nb6 25.Ng4 Nd7 26.Bh6 Nb5 27.Bxb5 Qxb5 28.Bxf8 Kxf8 29.b3 h5
30.Ne3 Nb6 31.g4 hxg4 32.Nxg4 c4 33.bxc4 Qxc4 34.Qb2 Qc3 35.Qxc3 bxc3 36.Rec1 f5
37.Nf2 fxe4 38.fxe4 Rbc8 39.Ra3 c2 40.Ra2 Nd7 41.Raxc2 Rxc2 42.Rxc2 Nc5 43.Rc4 Ra8
44.Kg2 Ra4 45.Rxa4 Nxa4 46.Kf3 Nc5 47.Ke3 Ke7 48.Nd3 Nd7 49.Kf4 Kf6 50.h4 Nb6
51.Nf2 Nc4 52.Nd1 Ne5 53.Nf2 Nf7 54.Ng4+ Ke7 55.e5 dxe5+ 56.Nxe5 g5+ 57.hxg5 Nxg5
58.Kxg5 Kd6  1/2-1/2

[Event "84th ch-BRA 2018"]
[Site "Rio de Janeiro BRA"]
[Date "2018.02.07"]
[Round "1.3"]
[White "Mecking,H"]
[Black "Nery Junior,J"]
[Result "1-0"]
[WhiteElo "2597"]
[BlackElo "2151"]

1.d4 Nf6 2.c4 c5 3.d5 e6 4.Nc3 exd5 5.cxd5 d6 6.Nf3 g6 7.Nd2 Bg7 8.e4 O-O
9.Be2 Na6 10.O-O Nc7 11.a4 b6 12.Nc4 Ba6 13.Bg5 Re8 14.f3 Rb8 15.Kh1 Qd7
16.Qd2 Bxc4 17.Bxc4 a6 18.Be2 Rb7 19.Rab1 b5 20.b4 c4 21.a5 Rbb8 22.Bd1 Rf8
23.Bc2 Rbe8 24.Rbd1 Kh8 25.Be3 Qd8 26.Bd4 Nd7 27.Bxg7+ Kxg7 28.g4 Ne5 29.h3 Qh4
30.Kg2 Kg8 31.Qf2 Qf6 32.Ne2 Nd7 33.Qd4 Qe7 34.Ng3 Qe5 35.f4 Qxd4 36.Rxd4 f6
37.h4 Re7 38.h5 Kg7 39.Rdd1 Ne8 40.Rh1 Kg8 41.hxg6 hxg6 42.Rh6 Rg7 43.Rdh1 Kf7
44.Kf3 Ke7 45.Ke3 Rff7 46.Ne2 Nf8 47.Nd4 Kd7 48.Rh8 Nc7 49.Bd1 g5 50.f5 Rh7
51.Rxf8 Nxd5+ 52.exd5 Re7+ 53.Ne6  1-0

[Event "16th TCh-IND Women 2018"]
[Site "Bhubaneswar IND"]
[Date "2018.02.09"]
[Round "2.2"]
[White "Bhakti,K"]
[Black "Smaraki,M"]
[Result "0-1"]
[WhiteElo "2290"]
[BlackElo "1814"]

1.d4 Nf6 2.c4 e6 3.Nc3 c5 4.d5 exd5 5.cxd5 d6 6.Nf3 g6 7.Bf4 a6 8.a4 Bg7
9.h3 O-O 10.e3 Re8 11.Be2 Ne4 12.Nxe4 Rxe4 13.Nd2 Rb4 14.Nc4 Bxb2 15.Rb1 Bc3+
16.Kf1 Rxb1 17.Qxb1 b5 18.Nxd6 Nd7 19.Qe4 Nf6 20.Qd3 Bb4 21.Nxc8 Rxc8 22.e4 c4
23.Qc2 Qe7 24.Bf3 Nxd5 25.Bc1 Re8 26.g3 Nc3 27.axb5 axb5 28.Bd2 Na4 29.Bf4 Bd6
30.Bc1 Nb6 31.h4 b4 32.h5 b3 33.Qd2 Be5 34.Qa5 Qf6 35.Kg2 b2 36.Be3 c3 37.Qb5 Rc8
38.Bg4 Ra8 39.f4 Bd4 40.e5 Qd8 41.Bxd4 Qxd4 42.Rd1 c2 43.Rxd4 b1=Q 44.Qd3 c1=Q
45.Rd8+ Kg7  0-1

[Event "Brazil Carnaval Open 2018"]
[Site "Sao Paulo BRA"]
[Date "2018.02.11"]
[Round "3.28"]
[White "Takehara,Alan Keissuke"]
[Black "Desideri,Ricardo Maruchi"]
[Result "1/2-1/2"]
[WhiteElo "1675"]
[BlackElo "1954"]

1.d4 Nf6 2.c4 c5 3.d5 e6 4.Nc3 exd5 5.cxd5 d6 6.Nf3 g6 7.g3 Bg7 8.Bg2 a6
9.a4 O-O 10.O-O Re8 11.Bf4 Qc7 12.h3 Nbd7 13.a5 Rb8 14.Re1 b5 15.axb6 Rxb6
16.Qc2 Nh5 17.Bd2 Ne5 18.Nxe5 Bxe5 19.Na4 Rb8 20.Bc3 Qe7 21.Bxe5 Qxe5 22.Ra3 Bd7
23.Re3 Qd4 24.Rxe8+ Bxe8 25.Nc3 Nf6 26.e4 Bd7 27.Rd1 Qb4 28.Rd2 a5 29.Qd3 Qd4
30.Qe2 Qe5 31.f4 Qe7 32.Qe3 h5 33.Re2 Rb3 34.e5 Ne8 35.Qf2 f5 36.Qe1 Kf8
37.Qa1 a4 38.e6 Bb5 39.Nxb5 Rxb5 40.Qxa4 Rb4 41.Qa3 Nc7 42.Qc3 Kg8 43.Re1 Nb5
44.Qd2 Nd4 45.Ra1 Kg7 46.Ra2 Qb7 47.Qe3 Kf6 48.e7 Qxe7 49.Qxe7+ Kxe7 50.Ra7+ Kf6
51.Ra6 Nb5 52.Bf1 Ke7 53.Rb6 Nd4 54.Rxb4 cxb4 55.Kf2 Kd7 56.Ke3 Nb3 57.Bb5+ Ke7
58.Kd3 Na5  1/2-1/2

[Event "Third Saturday 66 GM 2018"]
[Site "Novi Sad SRB"]
[Date "2018.02.15"]
[Round "7.5"]
[White "Chakravarthi Reddy,M"]
[Black "Gajic,Ml"]
[Result "1-0"]
[WhiteElo "2380"]
[BlackElo "2362"]

1.d4 Nf6 2.c4 c5 3.d5 e6 4.Nc3 exd5 5.cxd5 d6 6.Nf3 g6 7.Nd2 Bg7 8.Nc4 O-O
9.Bf4 b6 10.Bxd6 Re8 11.Bg3 Nh5 12.e3 Ba6 13.Qf3 Nxg3 14.hxg3 b5 15.Nd2 c4
16.a3 Qb6 17.Be2 Nd7 18.g4 h6 19.e4 Ne5 20.Qg3 Qd4 21.Rd1 Nd3+ 22.Bxd3 cxd3
23.O-O b4 24.axb4 Qxb4 25.Rb1 Rab8 26.Qc7 Re7 27.Qf4 Rb6 28.Rfc1 g5 29.Qg3 Be5
30.Qh3 Bf4 31.Rd1 Be5 32.d6 Qxd6 33.Nd5 Reb7 34.Nxb6 Rxb6 35.Nf1 Qd4 36.Ne3 Qxe4
37.Nf5 d2 38.Nxh6+ Kf8 39.Qa3+ Bd6 40.Qc3 Bh2+ 41.Kxh2 Rxh6+ 42.Kg1 Be2 43.Qc5+ Ke8
44.f3 Bxf3 45.Rxd2 Qxb1+ 46.Kf2 Bc6 47.Qe5+  1-0

[Event "TCh-Paulista 2018"]
[Site "Sao Paulo BRA"]
[Date "2018.02.17"]
[Round "2.1"]
[White "De Souza,M"]
[Black "Van Riemsdijk,V"]
[Result "1/2-1/2"]
[WhiteElo "2299"]
[BlackElo "2201"]

1.d4 Nf6 2.c4 c5 3.d5 e6 4.Nc3 exd5 5.cxd5 d6 6.Nf3 g6 7.Nd2 Bg7 8.e4 O-O
9.Be2 Na6 10.O-O Rb8 11.Nb5 Re8 12.f3 Nh5 13.Nc4 Nc7 14.Ncxd6 Nxb5 15.Nxb5 a6
16.Nc3 Bd4+ 17.Kh1 Re5 18.f4 Qh4 19.Qe1 Qxe1 20.Rxe1 Bxc3 21.bxc3 Rxe4 22.Ba3 Nxf4
23.Bf3 Rxe1+ 24.Rxe1 Bf5 25.Re7 Rd8 26.c4 b5 27.g4 Bd3 28.cxb5 axb5 29.Bxc5 Nxd5
30.Ra7  1/2-1/2

[Event "Aeroflot Open B 2018"]
[Site "Moscow RUS"]
[Date "2018.02.20"]
[Round "1.12"]
[White "Papin,V"]
[Black "Gomes,Mary"]
[Result "1/2-1/2"]
[WhiteElo "2476"]
[BlackElo "2329"]

1.d4 Nf6 2.c4 e6 3.Nf3 c5 4.d5 exd5 5.cxd5 d6 6.Nc3 g6 7.Bf4 Bg7 8.Qa4+ Bd7
9.Qb3 Qc7 10.e4 O-O 11.Nd2 Re8 12.Be2 Na6 13.O-O Rab8 14.Rfe1 b5 15.Nxb5 Qa5
16.a4 Nxe4 17.Nc4 Qd8 18.Bf3 Qf6 19.Rxe4 Rxe4 20.Bxd6 Rxc4 21.Qxc4 Qxb2 22.Rd1 Re8
23.h3 Qb4 24.Qa2 Re1+ 25.Kh2 Rxd1 26.Bxd1 Qe4 27.Qd2 Nb4 28.Bxc5 Nxd5 29.Bxa7 Be5+
30.Kg1 Bc6 31.Bf3 Qxa4 32.Bd4 Bf4 33.Nc3 Bxd2 34.Nxa4 Bxa4  1/2-1/2

[Event "75th ch-GEO w 2018"]
[Site "Tbilisi GEO"]
[Date "2018.02.20"]
[Round "5.1"]
[White "Khomeriki,N"]
[Black "Melia,S"]
[Result "0-1"]
[WhiteElo "2303"]
[BlackElo "2404"]

1.d4 Nf6 2.c4 e6 3.Nf3 c5 4.d5 d6 5.Nc3 exd5 6.cxd5 g6 7.Bf4 Bg7 8.Qa4+ Bd7
9.Qb3 Qc7 10.e4 O-O 11.Nd2 Nh5 12.Be3 f5 13.exf5 Bxf5 14.Be2 Nf6 15.Bf4 Na6
16.Nc4 Ne8 17.Bg5 Nb4 18.O-O Nc2 19.Rac1 Nd4 20.Qd1 Nf6 21.Be3 Nxe2+ 22.Nxe2 b5
23.Na3 Qb7 24.Qb3 Rab8 25.Nf4 Rfe8 26.Rfd1 a5 27.Rd2 Ng4 28.Re2 a4 29.Qd1 Nxe3
30.fxe3 Bg4 31.Ne6 Bxb2 32.Rxb2 Bxd1 33.Rxd1 Qd7 34.Rbd2 Rxe6 35.dxe6 Qxe6
36.Nc2 Qxa2 37.Nb4 Qxd2  0-1

[Event "75th ch-GEO w 2018"]
[Site "Tbilisi GEO"]
[Date "2018.02.23"]
[Round "7.2"]
[White "Javakhishvili,L"]
[Black "Khomeriki,N"]
[Result "1-0"]
[WhiteElo "2463"]
[BlackElo "2303"]

1.d4 Nf6 2.c4 e6 3.Nc3 c5 4.d5 exd5 5.cxd5 d6 6.Nf3 g6 7.Bf4 Bg7 8.Qa4+ Bd7
9.Qb3 Qc7 10.e4 O-O 11.Be2 Nh5 12.Be3 f5 13.e5 f4 14.Bd2 Na6 15.e6 Be8 16.O-O Qe7
17.Ne4 h6 18.h4 b5 19.Ba5 Rb8 20.Qc2 Rf5 21.Rad1 Bf8 22.g4 fxg3 23.fxg3 Ng7
24.g4 Rf4 25.Nh2 Rxe4 26.Qxe4 Qxh4 27.Be1 Qe7 28.Bc3 Qh4 29.Bf6 Qg3+ 30.Kh1  1-0

[Event "ch-AZE w 2018"]
[Site "Baku AZE"]
[Date "2018.02.24"]
[Round "7.5"]
[White "Soyunlu,N"]
[Black "Allahverdiyeva,Ayan"]
[Result "1/2-1/2"]
[WhiteElo "2008"]
[BlackElo "1948"]

1.d4 e6 2.c4 Nf6 3.Nc3 c5 4.d5 exd5 5.cxd5 d6 6.Nf3 g6 7.Nd2 Nbd7 8.e4 Bg7
9.Be2 O-O 10.O-O a6 11.a4 Re8 12.f3 Ne5 13.Re1 Nh5 14.Nf1 Qh4 15.g3 Qh3 16.Be3 f5
17.f4 Nf7 18.Bxh5 gxh5 19.e5 dxe5 20.Bxc5 Bd7 21.Ne2 Rac8 22.b4 exf4 23.Nxf4 Qg4
24.Ra3 Ng5 25.Ne3 Qxd1 26.Rxd1 Bb2 27.Ra2 Bc3 28.Rd3 Ne4 29.Nxh5 Kf7 30.Nf4 Nxc5
31.Rxc3 Nxa4 32.Rxc8 Rxc8 33.Nxf5 Rc1+ 34.Kg2 Nc3 35.Rf2 Nd1 36.Rf3 Bxf5
37.Ne2 Rc2 38.Rxf5+ Kg6  1/2-1/2

[Event "TCh-CZE 1 Liga Zapad"]
[Site "Czech Republic CZE"]
[Date "2018.03.04"]
[Round "9.5"]
[White "Jelinek,Michal"]
[Black "Bulockin,Martin"]
[Result "1/2-1/2"]
[WhiteElo "2164"]
[BlackElo "2176"]

1.d4 Nf6 2.c4 c5 3.d5 e6 4.Nc3 exd5 5.cxd5 d6 6.Nf3 g6 7.Nd2 Nbd7 8.Nc4 Nb6
9.e4 Bg7 10.Ne3 O-O 11.g4 Re8 12.Bg2 Bh6 13.h3 Bf4 14.Qf3 Be5 15.O-O Bxc3
16.bxc3 Nxe4 17.c4 Qf6 18.Qxf6 Nxf6 19.a4 Bd7 20.a5 Na4 21.Bd2 Ne4 22.Bxe4 Rxe4
23.Ra2 b5 24.axb6 axb6 25.f3 Rd4 26.Rb1 Re8 27.Kf2 Rd3 28.Rc2 f6 29.Ke2 Rd4
30.Rb3 Kf7 31.Kf2 Rb8 32.Ra2 b5 33.Ba5 b4 34.Bc7 Rc8 35.Bxd6 Kg8 36.Be7 Nc3
37.Rc2 Kf7 38.Bd6 Ba4 39.Rbxc3 bxc3 40.Rxc3 Rd2+ 41.Kg3 Rb2 42.Ra3 Rb4 43.g5 fxg5
44.Ng4 h5 45.Ne5+ Kf6 46.Nd3 Rxc4 47.Nxc5 Rc2 48.Ne4+ Kf5 49.h4 gxh4+ 50.Kxh4 R8c4
51.Bb8 Be8 52.Kg3 Rxe4 53.fxe4+ Kxe4 54.d6 g5 55.Ra7 h4+ 56.Kh3 Bg6 57.Ra4+ Ke3
58.Ba7+ Kf3 59.Ra3+ Ke4 60.Ra4+ Kf3 61.Ra3+  1/2-1/2

[Event "8th Blondes vs. Brunettes"]
[Site "Moscow RUS"]
[Date "2018.03.04"]
[Round "6.4"]
[White "Assaubayeva,Bibisara"]
[Black "Zhukova,N"]
[Result "0-1"]
[WhiteElo "2369"]
[BlackElo "2426"]

1.d4 e6 2.Nf3 Nf6 3.c4 c5 4.d5 exd5 5.cxd5 d6 6.Nc3 g6 7.h3 Bg7 8.e4 O-O
9.Bd3 b5 10.Nxb5 Re8 11.O-O Nxe4 12.Re1 a6 13.Nc3 Nxc3 14.Rxe8+ Qxe8 15.bxc3 Bxc3
16.Rb1 Bg7 17.Bf4 Qd8 18.Qa4 Bd7 19.Qb3 Bb5 20.Bxb5 axb5 21.Qxb5 Na6 22.Qb6 Nb4
23.Qxd6 Nxd5 24.Qxd8+ Rxd8 25.Rd1 c4 26.Be5 c3 27.Bxg7 Kxg7 28.Rc1  0-1

[Event "ch-POL Rapid 2018"]
[Site "Zgierz POL"]
[Date "2018.03.04"]
[Round "6.33"]
[White "Sanz Wawer,Daniel"]
[Black "Majdan,J"]
[Result "1-0"]
[WhiteElo "2202"]
[BlackElo "2370"]

1.d4 Nf6 2.c4 c5 3.d5 e6 4.Nc3 exd5 5.cxd5 d6 6.Nf3 a6 7.a4 g6 8.g3 Bg7 9.Bg2 O-O
10.O-O Re8 11.Nd2 Nbd7 12.Nc4 Ne5 13.Nxe5 Rxe5 14.Bf4 Re8 15.Qd2 Qe7 16.e4 Nd7
17.a5 Rb8 18.Na4 Bd4 19.Rac1 Nf6 20.Nxc5 Be5 21.Nd3 Nxe4 22.Bxe4 Bxf4 23.Qxf4 Qxe4
24.Rce1 Qxd3 25.Rxe8+ Kg7  1-0

[Event "42nd Blackpool Conference"]
[Site "Blackpool ENG"]
[Date "2018.03.10"]
[Round "2.2"]
[White "Allen,K"]
[Black "Quillan,G"]
[Result "0-1"]
[WhiteElo "2216"]
[BlackElo "2349"]

1.d4 e6 2.c4 Nf6 3.Nc3 c5 4.d5 exd5 5.cxd5 d6 6.Nf3 g6 7.Bf4 a6 8.a4 Bg7
9.h3 O-O 10.e3 Re8 11.Nd2 Nbd7 12.Be2 Ne5 13.O-O Nfd7 14.Bg3 f5 15.Qc2 Qe7
16.Rfe1 b6 17.b3 Bb7 18.Nc4 Rf8 19.Qd2 Rae8 20.Bxe5 Bxe5 21.Nxe5 Qxe5 22.Bc4 Re7
23.Rac1 Qf6 24.f4 Rfe8 25.Re2 Qh4 26.Rce1 Nf6 27.Qd3 Nh5 28.Nd1 Ng3 29.Rf2 Ne4
30.Rfe2 g5 31.Bxa6 Bxa6 32.Qxa6 g4 33.Nf2 Nxf2 34.Rxf2 gxh3 35.Ree2 Rxe3
36.gxh3 Qxh3 37.Rg2+ Kf7 38.a5 Rxe2 39.Rxe2 Rg8+ 40.Kf2 Qg3+ 41.Kf1 Qh4  0-1

[Event "42nd Blackpool Conference"]
[Site "Blackpool ENG"]
[Date "2018.03.11"]
[Round "4.12"]
[White "Allen,K"]
[Black "Dobson,Graham"]
[Result "1-0"]
[WhiteElo "2216"]
[BlackElo "1846"]

1.d4 Nf6 2.c4 c5 3.d5 e6 4.Nc3 exd5 5.cxd5 d6 6.Nf3 g6 7.h3 Bg7 8.Bf4 O-O
9.e3 a6 10.a4 Qe7 11.Be2 Nh5 12.Bh2 f5 13.Nd2 f4 14.e4 Bd4 15.Bxh5 gxh5 16.Qxh5 f3
17.gxf3 Nd7 18.Nc4 Ne5 19.Bxe5 dxe5 20.Ne2 Bd7 21.Nxd4 exd4 22.Qe5 Qxe5 23.Nxe5 Be8
24.Rg1+ Kh8 25.a5 Bh5 26.Ra3 Rae8 27.Rg5  1-0

[Event "Boardwalk Pearson IM 2018"]
[Site "Port Elizabeth RSA"]
[Date "2018.03.12"]
[Round "1.4"]
[White "Van Zyl-Rudd,Jack"]
[Black "Cawdery,D"]
[Result "1/2-1/2"]
[WhiteElo "2133"]
[BlackElo "2428"]

1.d4 Nf6 2.c4 c5 3.d5 e6 4.Nc3 exd5 5.cxd5 d6 6.Nf3 g6 7.Bf4 a6 8.a4 Bg7
9.e3 O-O 10.h3 Re8 11.Nd2 Nbd7 12.Nc4 Ne4 13.Nxe4 Rxe4 14.Bd3 Rxc4 15.Bxc4 Bxb2
16.Ra2 Bc3+ 17.Kf1 Qe7 18.Be2 f5 19.h4 Rb8 20.a5 b5 21.axb6 Rxb6 22.Ra3 Be5
23.Rb3 Bb7 24.Rxb6 Nxb6 25.Bf3 Bf6 26.g3 Qf7 27.Kg2 Nxd5 28.Qd3 c4 29.Qb1 Nxf4+
30.gxf4 Bxf3+ 31.Kxf3 Qd5+ 32.Kg3 Qe4 33.Qb8+ Kg7 34.Qc7+ Kg8 35.Qb8+ Kg7
36.Qc7+  1/2-1/2

[Event "6th Iraq Int Open 2018"]
[Site "Baghdad IRQ"]
[Date "2018.03.19"]
[Round "9.1"]
[White "Mirzoev,A"]
[Black "Gagunashvili,M"]
[Result "0-1"]
[WhiteElo "2501"]
[BlackElo "2576"]

1.d4 Nf6 2.c4 c5 3.d5 e6 4.Nc3 exd5 5.cxd5 d6 6.Nf3 g6 7.e4 Bg7 8.Be2 O-O
9.O-O a6 10.a4 Bg4 11.Nd2 Bxe2 12.Qxe2 Nbd7 13.Nc4 Nb6 14.Na3 Re8 15.Qc2 Nfd7
16.a5 Nc8 17.Nc4 Ne5 18.Ne3 Na7 19.Bd2 Nb5 20.Na4 Nd4 21.Qd1 Nd3 22.Ra3 Nf4
23.f3 f5 24.exf5 gxf5 25.Kh1 Qf6 26.Nb6 Rad8 27.b4 Qg6 28.Rf2 cxb4 29.Bxb4 Nb5
30.Rb3 Bd4 31.Bd2 Re7 32.Qf1 Rde8 33.Nbc4 Kh8 34.g3 Nh5 35.Rg2 Bg7 36.Bc1 Nf6
37.Qd1 Nd7 38.Nc2 Nc3 39.Qf1 Nc5 40.Rb6 Nb5 41.Bf4 Na4 42.Rxb5 axb5 43.Nxd6 Ra8
44.Qd1  0-1

[Event "12th ch-SRB w 2018"]
[Site "Kragujevac SRB"]
[Date "2018.03.19"]
[Round "3.2"]
[White "Djukic,Sa"]
[Black "Gajcin,Marina"]
[Result "0-1"]
[WhiteElo "2174"]
[BlackElo "2295"]

1.d4 Nf6 2.c4 e6 3.Nf3 c5 4.d5 exd5 5.cxd5 d6 6.Nc3 g6 7.Bf4 a6 8.Nd2 b5
9.a4 b4 10.Nce4 h6 11.Nxf6+ Qxf6 12.e3 Qxb2 13.Ne4 Bf5 14.Rb1 Qg7 15.Qf3 Kd8
16.Be2 Bxe4 17.Qxe4 Qc3+ 18.Kf1 Nd7 19.g4 Nf6 20.Qf3 Qc2 21.Bg5 hxg5 22.Qxf6+ Ke8
23.Kg2 Qe4+ 24.f3 Qe5 25.Qxe5+ dxe5 26.e4 Kd7 27.Bc4 Bd6 28.Rb3 Kc7 29.h3 Kb6
30.Ra1 Ka5 31.Rh1 f5 32.exf5 gxf5 33.gxf5 Rh4 34.Rc1 Rah8 35.Bf1 Rxh3 36.Kf2 Rh2+
37.Bg2 Kxa4 38.Rbb1 Kb5 39.Kg1 c4 40.f6 Bc5+ 41.Kf1 Rf8  0-1

[Event "TCh-CZE 1 Liga Zapad"]
[Site "Czech Republic CZE"]
[Date "2018.03.25"]
[Round "10.6"]
[White "Novak,Rad"]
[Black "Purnoch,J"]
[Result "1/2-1/2"]
[WhiteElo "2105"]
[BlackElo "2173"]

1.d4 Nf6 2.c4 c5 3.d5 e6 4.Nc3 exd5 5.cxd5 d6 6.Nf3 g6 7.Nd2 Nbd7 8.Nc4 Nb6
9.e4 Nxc4 10.Bxc4 a6 11.a4 Bg7 12.O-O O-O 13.h3 Re8 14.Qc2 Nh5 15.Be2 Qh4
16.Bxh5 Qxh5 17.Bf4 Be5 18.Bxe5 Rxe5 19.f4 Re8 20.Rae1 Qh4 21.Qf2 Qxf2+ 22.Kxf2 Kg7
23.e5 dxe5 24.fxe5 Bf5 25.Re3 Rad8 26.Rc1 b6 27.g4 Bc8 28.Rd1 h6 29.Kf3 Bb7
30.Kf4 Re7 31.h4 Red7 32.d6 Bc6 33.g5 hxg5+ 34.hxg5 Rh8 35.e6 fxe6 36.Rxe6 Rh4+
37.Ke5 Rg4 38.Re7+ Rxe7+ 39.dxe7 Rxg5+ 40.Kd6 Be8 41.Kc7 Re5 42.Kxb6 Rxe7
43.Kxa6 Re6+ 44.Kb7 Bc6+ 45.Kc7 Bf3 46.Rf1 Rf6 47.Nd1 g5 48.Ne3 Kg6 49.Rc1 Rc6+
50.Kd7 Rb6 51.Nc4 Rb7+ 52.Kd6 Be2 53.Ne5+ Kf5 54.Rxc5 Ke4 55.Rc2 Bd1 56.Rg2 Bxa4
57.Rg4+ Kf5 58.Rxa4 Rxb2  1/2-1/2

[Event "Karpos Open 2018"]
[Site "Skopje MKD"]
[Date "2018.03.25"]
[Round "2.14"]
[White "Antova,Gabriela"]
[Black "Zelbel,P"]
[Result "1-0"]
[WhiteElo "2246"]
[BlackElo "2440"]

1.d4 Nf6 2.c4 e6 3.Nf3 c5 4.d5 exd5 5.cxd5 d6 6.Nc3 g6 7.Bf4 Bg7 8.Qa4+ Bd7
9.Qb3 Qc7 10.e4 O-O 11.Nd2 Nh5 12.Be3 f5 13.exf5 Bxf5 14.Be2 Nf6 15.Nc4 Ne4
16.O-O Nxc3 17.bxc3 Re8 18.Rfe1 Nd7 19.Bf4 Ne5 20.Nxe5 Bxe5 21.Bb5 Bxf4 22.Rxe8+ Rxe8
23.Bxe8 Qg7 24.Re1 Bd2 25.Re2 Bxc3 26.Ba4 Be5 27.Qb5 Qc7 28.f4 Bf6 29.h3 c4
30.g4 Bd3 31.Qe8+ Kg7 32.g5 Bd4+ 33.Kg2 Bxe2 34.Bd7 Bf6 35.gxf6+ Kh6 36.f7  1-0

[Event "Karpos Open 2018"]
[Site "Skopje MKD"]
[Date "2018.03.26"]
[Round "4.10"]
[White "Pavlovic,G1"]
[Black "Kovacevic,A"]
[Result "0-1"]
[WhiteElo "2367"]
[BlackElo "2488"]

1.d4 Nf6 2.c4 e6 3.Nf3 c5 4.d5 d6 5.Nc3 exd5 6.cxd5 g6 7.e4 a6 8.a4 Bg4 9.Be2 Bxf3
10.Bxf3 Bg7 11.O-O O-O 12.Bf4 Qe7 13.Re1 Nbd7 14.Qd2 Rab8 15.Be2 Rfc8 16.a5 Ne8
17.Ra4 h5 18.Bg5 Qf8 19.h3 Nc7 20.Nd1 b5 21.axb6 Rxb6 22.b4 Rcb8 23.bxc5 Nxc5
24.Rc4 Nb5 25.Be3 Na3 26.Bxc5 dxc5 27.Ra4 Nb1 28.Qc2 Bd4 29.Bxa6 Qd6 30.Bc4 Qf4
31.Ra2 h4 32.Qd3 Rb4 33.Ne3 Nc3 34.Rc2 Rb1 35.Rxb1 Rxb1+ 36.Nf1 Nxe4 37.Qf3 Qxf3
38.gxf3 Nd6 39.Ba2 Re1 40.Kg2 Kg7 41.Bb3 Nf5 42.Bc4 Bf6 43.Bd3 Bd4 44.Nd2 Ng3
45.Nb3 Nh5 46.Nxd4 Nf4+ 47.Kh2 cxd4 48.Bb5 Nxd5 49.Rd2 Nc3 50.Bc4 Rd1 51.Rb2 Rb1
52.Rd2 Rd1 53.Rb2 d3 54.Rb7 d2 55.Rxf7+ Kh6 56.Rd7 Kg5 57.Rd4 Kf6 58.f4 Ne4
59.f3 Re1 60.Bb3 Re2+ 61.Kg1 Re1+ 62.Kg2 Re2+ 63.Kg1 Ng3 64.Bc2 Re1+ 65.Kf2 Re2+
66.Kg1 Nf5 67.Rd3 Ne3 68.Bb3 Kf5 69.Rd4 Rg2+ 70.Kh1 Rf2  0-1

[Event "CCCSA Spring GM 2018"]
[Site "Charlotte USA"]
[Date "2018.03.29"]
[Round "2.3"]
[White "Wang,Ph"]
[Black "Hilby,Craig"]
[Result "1/2-1/2"]
[WhiteElo "2380"]
[BlackElo "2419"]

1.d4 Nf6 2.c4 e6 3.Nf3 c5 4.d5 exd5 5.cxd5 d6 6.Nc3 g6 7.h3 Bg7 8.e4 O-O
9.Bd3 a6 10.a4 Nbd7 11.O-O Nh5 12.Bg5 Bf6 13.Be3 Re8 14.Be2 b6 15.Nd2 Ng7
16.Bf4 Qe7 17.Bg3 Rb8 18.f4 Bd4+ 19.Kh1 f5 20.Bf3 fxe4 21.Bxe4 Nf6 22.Bh4 Qf8
23.Qf3 Nf5 24.Bf2 Bxf2 25.Qxf2 Nd4 26.Rae1 Bf5 27.Bxf5 gxf5 28.Nf3 Nxf3 29.Qxf3 b5
30.Qd3 b4 31.Nd1 Ne4 32.Kg1 c4 33.Qxc4 Nd2 34.Qxa6 Nxf1 35.Rxf1 Re4 36.Qd3 Qe7
37.Kh2 Re8 38.Nf2 Re1 39.Rxe1 Qxe1 40.Qxf5 Qxf2 41.Qg5+ Kf7 42.Qf5+ Kg8 43.Qg5+ Kf7  1/2-1/2

[Event "TV2 Fagernes GM Open 2018"]
[Site "Fagernes NOR"]
[Date "2018.03.29"]
[Round "6.13"]
[White "Skotheim,Andreas"]
[Black "Niemi,K"]
[Result "1/2-1/2"]
[WhiteElo "2072"]
[BlackElo "2350"]

1.d4 Nf6 2.c4 c5 3.d5 e6 4.Nc3 exd5 5.cxd5 d6 6.Nf3 g6 7.Bf4 Bg7 8.h3 O-O
9.e3 a6 10.a4 Qe7 11.Be2 Nbd7 12.O-O Ne8 13.Re1 Ne5 14.Nxe5 Bxe5 15.Bxe5 Qxe5
16.e4 Nc7 17.Qd2 Bd7 18.f4 Qd4+ 19.Qxd4 cxd4 20.Nd1 f5 21.Bf3 fxe4 22.Rxe4 Nxd5
23.Rxd4 Nxf4 24.Rxd6 Bc6 25.Bxc6 bxc6 26.Ne3 Rae8 27.Ra3 Re6 28.Rxe6 Nxe6
29.Rb3 Rf4 30.Rb8+ Kg7 31.b3 h5 32.Nc2 a5 33.Rb6 Nc5 34.b4 Nxa4 35.Rb7+ Rf7
36.Rxf7+ Kxf7 37.bxa5 Ke6 38.Kf2 Kd5 39.Ke3 g5 40.g4 hxg4 41.hxg4 c5 42.Ne1 Kc6
43.Kd2 Kb5 44.Nf3 Nb2 45.Kc2 Nc4 46.Kd3 Nb2+ 47.Ke4 Nd1 48.Nxg5 Nf2+ 49.Kf3 Nxg4
50.Kxg4 Kxa5  1/2-1/2

[Event "Doprastav Open 2018"]
[Site "Bratislava SVK"]
[Date "2018.03.30"]
[Round "3.4"]
[White "Takacs,Las"]
[Black "Balogh,Pe2"]
[Result "1/2-1/2"]
[WhiteElo "2247"]
[BlackElo "2117"]

1.d4 Nf6 2.c4 c5 3.d5 e6 4.Nf3 exd5 5.cxd5 d6 6.Nc3 g6 7.e4 Bg7 8.h3 O-O
9.Bd3 b5 10.Bxb5 Nxe4 11.Nxe4 Qa5+ 12.Nfd2 Qxb5 13.Nxd6 Qa6 14.N2c4 Nd7 15.O-O Ne5
16.Nxc8 Raxc8 17.Nxe5 Bxe5 18.Re1 Qf6 19.Rb1 Rfd8 20.Qg4  1/2-1/2

[Event "4th HSK Easter Open 2018"]
[Site "Hamburg GER"]
[Date "2018.03.30"]
[Round "1.3"]
[White "Langrock,H"]
[Black "Schwarzkopf,J"]
[Result "1-0"]
[WhiteElo "2391"]
[BlackElo "1845"]

1.d4 Nf6 2.c4 c5 3.d5 e6 4.Nc3 exd5 5.cxd5 d6 6.Nf3 g6 7.g3 Bg7 8.Bg2 O-O
9.O-O Re8 10.Bf4 Ne4 11.Nxe4 Rxe4 12.Nd2 Rxf4 13.gxf4 Bxb2 14.Rb1 Bg7 15.Nc4 b5
16.Rxb5 Ba6 17.Qa4 Bxb5 18.Qxb5 Qe7 19.Nxd6 Nd7 20.Ne4 Rb8 21.Qa6 Rb2 22.Qc8+ Nf8
23.e3 Rxa2 24.d6 Qd7 25.Qxc5 Ne6 26.Qd5 Ra6 27.Rd1 h6 28.f5 gxf5 29.Qxf5 Ra1
30.Rxa1 Bxa1 31.Qd5 Kg7 32.Bh3 Bf6 33.Bf5 Bd8 34.Nc5 Qc8 35.Bxe6 fxe6 36.Nxe6+ Kf6
37.Qd4+ Kf7 38.Qg7+ Ke8 39.d7+ Qxd7 40.Qf8+  1-0

[Event "Karpos Open 2018"]
[Site "Skopje MKD"]
[Date "2018.03.30"]
[Round "8.16"]
[White "Tanriverdi,Enes"]
[Black "Kovacevic,A"]
[Result "0-1"]
[WhiteElo "2314"]
[BlackElo "2488"]

1.d4 Nf6 2.c4 e6 3.Nf3 c5 4.d5 d6 5.Nc3 exd5 6.cxd5 g6 7.Bf4 Bg7 8.Qa4+ Bd7
9.Qb3 b5 10.Bxd6 Qb6 11.Be5 O-O 12.e3 c4 13.Qd1 b4 14.Nb1 Rc8 15.Nbd2 Bb5
16.Bd4 Qb7 17.a4 Ba6 18.Rc1 Qxd5 19.Be2 Qe6 20.O-O Nbd7 21.Ng5 Qf5 22.f4 h6
23.e4 Nxe4 24.Ndxe4 hxg5 25.Bxg7 Qxe4 26.Bd4 Qe7 27.f5 Ne5 28.fxg6 Nxg6 29.Bf3 Bb7
30.Bxb7 Qxb7 31.Bf6 Rc5 32.Qh5 Rc6 33.Rcd1 c3 34.bxc3 bxc3 35.Qxg5 c2 36.Rc1 Re8
37.Ba1 Re2 38.Rce1 Rce6 39.Rc1 Rb6 40.Qg4 Rbe6 41.Qg5 Qe4 42.h3 Qe3+ 43.Qxe3 R6xe3
44.Rf2 Re1+ 45.Rf1 Rxc1 46.Rxc1 Rb3 47.Rxc2 Rb1+ 48.Kf2 Rxa1 49.Rc4 Ra3 50.g3 Ne5
51.Rd4 Nd3+ 52.Kg2 Nc5 53.Rd5 Nxa4 54.Ra5 Ra2+  0-1

[Event "ch-Moscow Final 2018"]
[Site "Moscow RUS"]
[Date "2018.03.31"]
[Round "8.4"]
[White "Makarian,Rudik"]
[Black "Kozionov,Kirill"]
[Result "0-1"]
[WhiteElo "2364"]
[BlackElo "2426"]

1.d4 Nf6 2.c4 e6 3.Nc3 c5 4.d5 exd5 5.cxd5 d6 6.Nf3 g6 7.Bf4 a6 8.a4 Bg7
9.h3 O-O 10.e3 Re8 11.Bd3 Nbd7 12.O-O Nh5 13.Bh2 Ne5 14.Nxe5 Bxe5 15.f4 Bg7
16.Rf3 f5 17.Qc2 Bd7 18.e4 c4 19.Bxc4 fxe4 20.Rff1 Rc8 21.Be2 Qh4 22.Bxh5 Qxh5
23.f5 gxf5 24.Bxd6 b5 25.Qb3 f4 26.Bxf4 Kh8 27.Kh2 bxa4 28.Qb7 Bf5 29.d6 Rb8
30.Qd5 Rxb2 31.Kg1 Bxc3 32.d7 Rxg2+ 33.Kxg2 Qxh3+ 34.Kg1 Bxd7 35.Ra2 Rg8+
36.Bg5 Be6 37.Qc5 Bxa2 38.Rf3 Qg4+ 39.Kh2 Qxf3  0-1

[Event "Swedish Easter 2018"]
[Site "Norrkoping SWE"]
[Date "2018.03.31"]
[Round "5.6"]
[White "Renman,N"]
[Black "Mardell,Ji"]
[Result "0-1"]
[WhiteElo "2346"]
[BlackElo "2143"]

1.d4 Nf6 2.Nf3 e6 3.c4 c5 4.d5 exd5 5.cxd5 d6 6.Nc3 g6 7.e4 Bg7 8.Nd2 Nbd7
9.Be2 O-O 10.O-O a6 11.a4 Re8 12.Qc2 Ne5 13.Ra3 g5 14.Re1 Rb8 15.Nf1 h6 16.Ng3 Qc7
17.b3 Ng6 18.Bd2 Bd7 19.a5 Ng4 20.h3 N4e5 21.Nh5 Bh8 22.Nd1 Qc8 23.Ne3 Bxh3
24.gxh3 Qxh3 25.Nf5 g4 26.Nxh6+ Kf8 27.Nxg4 Nh4 28.Bh6+ Kg8  0-1

[Event "VII SP Open U2300 2018"]
[Site "Sao Paulo BRA"]
[Date "2018.04.01"]
[Round "5.5"]
[White "Luz,Arthur Nader"]
[Black "Souza dos Santos,Matheus Garcett"]
[Result "1-0"]
[WhiteElo "2145"]
[BlackElo "1913"]

1.d4 Nf6 2.c4 e6 3.Nf3 c5 4.d5 exd5 5.cxd5 d6 6.Nc3 g6 7.e4 Bg4 8.Be2 Bxf3
9.Bxf3 Bg7 10.O-O O-O 11.Qc2 a6 12.a4 Nbd7 13.g3 Re8 14.Bg2 Rb8 15.a5 Qc7
16.Bd2 c4 17.Na4 b5 18.axb6 Nxb6 19.Ba5 Nfd7 20.Nxb6 Nxb6 21.Bc3 Qb7 22.Bxg7 Kxg7
23.Qc3+ f6 24.Qa3 Nc8 25.Rfb1 Ra8 26.Rc1 Qb5 27.Rc2 Rd8 28.Qc3 Nb6 29.Ra5 Qb3
30.Qxb3 cxb3 31.Rc6 Rdb8 32.Bf1 Nd7 33.Rxd6 Nb6 34.Rc6 Nd7 35.Rc7  1-0

[Event "Swedish Easter 2018"]
[Site "Norrkoping SWE"]
[Date "2018.04.02"]
[Round "8.18"]
[White "Soderstrom,Adrian"]
[Black "Jonsson,E"]
[Result "1-0"]
[WhiteElo "1833"]
[BlackElo "2093"]

1.d4 Nf6 2.c4 e6 3.Nf3 c5 4.d5 exd5 5.cxd5 d6 6.Nc3 g6 7.Bf4 Bg7 8.Qa4+ Kf8
9.e4 Nh5 10.Bd2 a6 11.Be2 Qf6 12.Bg5 Qxc3+ 13.bxc3 Bxc3+ 14.Nd2 Bxa1 15.Bxh5 gxh5
16.Qd1 Bg7 17.Nc4 b5 18.Nb6 Bb7 19.Nxa8 Bxa8 20.Qxh5 c4 21.Qh3 Bb7 22.Qa3 Be5
23.f4 h6 24.fxe5 hxg5 25.Qxd6+  1-0